000 00330nam a2200145Ia 4500
008 191201s2008 xx 000 0 und d
082 _a004.678
_bLEI
100 _aLEON, Alexis
245 0 _aInternet for Everyone
250 _aRep.
260 _aN.Delhi
_bPHI
_c2008
300 _a173
650 _aB.Tech(CSE)
942 _2ddc
_cBK
999 _c3573
_d3573